Estatísticas para Poderes de Estrela do Brawl Stars

Clique aqui para jogar o quiz

Estatísticas Gerais

  • Esse quiz foi jogado 14 vezes
  • A pontuação média é 50 de 146

Estatísticas das Respostas

BrawlerPoder de Estrela% Correto
Quarta Potência
88%
NitaAmigo-Urso
75%
Magnum Especial
75%
PocoMusicoterapia
75%
Urso Hiperativo
75%
AT-IRA-DORA
63%
ColtBotas Estilosas
63%
Cura Invisível
63%
El PrimoEl Fuego
63%
BullFurioso
63%
BibiHome Run
63%
Luvas Espinhosas
63%
BrockMais Foguetes!
63%
Marrento
63%
BoOlhos de Águia
63%
DynamikeSalto Explosivo
63%
Tônico Revigorante
63%
ShellyXeque-Mate
63%
8-BitAmplia-Dano Ampliado
50%
Arapuca
50%
SandyAreia Grossa
50%
CorvoAura Venenosa
50%
Blogueirinha
50%
Bola Curva
50%
Bote Letal
50%
Capacete
50%
CordeliusCombomelos
50%
Corvo-Abutre
50%
Cura à Gasolina
50%
Demolição
50%
Eletrizante
50%
ColetteEmpurrão
50%
Esponja
50%
Hipotermia
50%
Punhos Implácaveis
50%
Recuada Digital
50%
GromSebo nas Canelas
50%
EdgarSem Amortecimento
50%
Solo Estridente
50%
SpikeSolo Fértil
50%
Sombra Curativa
50%
EugênioSopro Mágico
50%
Tapa Astral
50%
TickTroca de Óleo
50%
JackyAção e Erosão
38%
GriffAceita Bala?
38%
Ascensão
38%
StuAvanço Otimizado
38%
OtisBraço Forte
38%
AshCarga de Fúria
38%
FangChute Reserva
38%
MortisColeta Sinistra
38%
Corrida Meteórica
38%
Denguinho da Mamãe
38%
WattsonEfeito Máximo
38%
PiperEmboscada
38%
JessieEnergizador
38%
Extranocivo
38%
Fator X
38%
Injeção
38%
EveInversão
38%
EmzKarma
38%
ByronMal-Estar
38%
Neve Congelante
38%
Óculos Polarizados
38%
Previsão
38%
RicoPula-Pula
38%
BeaRecarga Instantânea
38%
Recarga Rolante
38%
LeonSinal de Fumaça
38%
LouSupercongelamento
38%
Surpresinha
38%
DarrylTambor de Ferro
38%
BarleyUso Medicinal
38%
HankVai Explodir
38%
Ventos Curativos
38%
GaleVentos Tempestuosos
38%
PamAbraço de Mamãe
25%
Alegria dos Fãs
25%
MandyAo Alcance
25%
CarlArremesso Travesso
25%
Autodestruição
25%
ChesterBatem os Sinos
25%
Blindagem de Aço
25%
PennyBolsos Cheios
25%
Cobertura
25%
Cobrador
25%
Companhia Espiritual
25%
Crédito Empresarial
25%
Descontrole
25%
Disparo de Mestre
25%
Estímulo Contínuo
25%
Mister PExcesso de Bagagem
25%
DougFast Food
25%
Favo de Mel
25%
NaniFoco Automático
25%
LolaImproviso
25%
AmberLabareda Infernal
25%
GrayLesão Ilusória
25%
Ligado no 220v
25%
Nova Perspectiva
25%
WillowO Amor é Cego
25%
Obsessão
25%
FrankPilhagem
25%
Pirueta Protetora
25%
ChuckPit Stop
25%
Porta Giratória
25%
TaraPortal Sombrio
25%
Rebatedora de Ataques
25%
Recarga AutomáTICKa
25%
Reino do Cogumelo
25%
BelleResposta Positiva
25%
SproutSemente Excedente
25%
Siso Enflamado
25%
Solado Reforçado
25%
RuffsSuperioridade Aérea
25%
Tremor
25%
Tributação em Massa
25%
RosaVida Vegetal
25%
JanetVista Privilegiada
25%
Aquecimento Vocal
13%
Bala Dura
13%
Buffet Livre
13%
Colete Protetor
13%
SamCura Imediata
13%
CharlieDigestão
13%
Estado de Choque
13%
Fotossíntese
13%
Pé Firme
13%
MaisiePrecisão Cirúrgica
13%
Recarga de Tinta
13%
Recarga Relâmpago
13%
Sifão Escaldante
13%
BuzzTorpor do Torpedo
13%
Viscosidade
13%
R-TAcréscimo
0%
GusAcréscimo de Saúde
0%
MegCampo de Força
0%
SqueakEfeito Crescente
0%
Escudo de Calor
0%
BusterHolofote
0%
BonnieMegadisparo
0%
Recarga Remota
0%
PearlRetenção de Calor
0%
MaxSobrecarga
0%
Supergrude
0%

Distribuição das Pontuações

Percentil de Números Respondidos

Porcentagem de Pessoas com Cada Pontuação

Sua Pontuação Histórica

Você não jogou esse quiz